000 00373pab a2200169 454500
008 180718b2005 xxu||||| |||| 00| 0 eng d
100 _aHegde, Pandurang
245 _aLinking forests and rivers
260 _c2005
300 _ap.25-26.
362 _aJun
650 _aWater resources
650 _aRivers
650 _aForests
773 _aYojana
909 _a65658
999 _c65658
_d65658